Fairy Tail: Guilds by notable members Quiz Stats

Quiz not verified by Sporcle

Also try: TV Professions II
Challenge
Share
Tweet
Embed
Score 0/9 Timer 07:00
0 Plays Today
Hint Answer % Correct
Bisca, Bixlow, RomeoFairy Tail
99.1%
Eve, Ren, HibikiBlue Pegasus
92.8%
Wendy, CarlaCait Shelter
86.8%
Juvia, Gajeel, JosePhantom Lord
86.6%
Lyon, Sherry, CheliaLamia Scale
86.6%
Kagura, Beth, RisleyMermaid Heel
84%
Ivan, Gajeel, FlareRaven Tail
80.3%
Jellal, Ultear, MeredyCrime Sorciere
65.1%
Layla, JudeLove and Lucky
62.3%

You're not logged in!

Compare scores with friends on all Sporcle quizzes.
Join for Free
OR
Log In

You Might Also Like...

Show Comments

Extras

Top Quizzes Today


Score Distribution

Your Account Isn't Verified!

In order to create a playlist on Sporcle, you need to verify the email address you used during registration. Go to your Sporcle Settings to finish the process.

Report this User

Report this user for behavior that violates our Community Guidelines.

Details: